La historia del teatro español. (Record no. 180913)

MARC details
000 -LEADER
campo de control de longitud fija 01383nam a2200265 i 4500
001 - NÚMERO DE CONTROL
campo de control 180913
003 - IDENTIFICADOR DE NÚMERO DE CONTROL
campo de control ES-MaACL
005 - FECHA Y HORA DE LA ÚLTIMA TRANSACCIÓN
campo de control 20250812173432.0
008 - DATOS DE LONGITUD FIJA--INFORMACIÓN GENERAL
campo de control de longitud fija 120828s1988 sp ao 000 0dspa d
080 ## - NÚMERO DE LA CLASIFICACIÓN DECIMAL UNIVERSAL
Número de la Clasificación Decimal Universal 792.024 López Vázquez, José Luis
245 03 - MENCIÓN DEL TÍTULO
Título La historia del teatro español.
260 ## - PUBLICACIÓN, DISTRIBUCIÓN, ETC.
Lugar de publicación, distribución, etc. [Madrid] :
Nombre del editor, distribuidor, etc. Unión de Actores :
-- Fundación Actores y Artistas de España,
Fecha de publicación, distribución, etc. [1988]
300 ## - DESCRIPCIÓN FÍSICA
Extensión 2 fasc. :
Otras características físicas il. col., fot. ;
Dimensiones 30 cm.
505 8# - NOTA DE CONTENIDO CON FORMATO
Nota de contenido con formato Contiene: 1. El actor como creador integral en el teatro / Jorge Bosso . El gran tragicómico . Diseño de vestuario . José Luis López Vázquez, dibujante / José Manuel Montero García, Esmeralda Serrano Molero - 2. La mujer en la escena española / Andrés Peláez . La mujer protectora . La mujer mecenas . La mujer escritora . La mujer como figurinista y escenógrafa: Victoria Durán . La mujer empresaria/directora . La mujer en la escena
597 ## - NOTA DE DESCRIPCIÓN FÍSICA
NOTA DE DESCRIPCIÓN FÍSICA Publ. en fascículos.
600 17 - PUNTO DE ACCESO ADICIONAL DE MATERIA--NOMBRE DE PERSONA
Nombre de persona López Vázquez, José Luis,
Fechas asociadas al nombre 1922-2009
Fuente del encabezamiento o término
9 (RLIN) 151359
650 #4 - PUNTO DE ACCESO ADICIONAL DE MATERIA--TÉRMINO DE MATERIA
Término de materia o nombre geográfico como elemento de entrada Teatro-
Subdivisión geográfica España-
Subdivisión general Historia.
9 (RLIN) 17302
650 #4 - PUNTO DE ACCESO ADICIONAL DE MATERIA--TÉRMINO DE MATERIA
Término de materia o nombre geográfico como elemento de entrada Actrices-
Subdivisión geográfica España.
9 (RLIN) 151362
700 1# - ENTRADA AGREGADA--NOMBRE PERSONAL
Nombre de persona Bosso, Jorge.
9 (RLIN) 30718
700 1# - ENTRADA AGREGADA--NOMBRE PERSONAL
Nombre de persona Peláez, Andrés,
Fechas asociadas al nombre 1968-
9 (RLIN) 173171
710 2# - ENTRADA AGREGADA--NOMBRE DE ENTIDAD CORPORATIVA
Nombre de entidad corporativa o nombre de jurisdicción como elemento de entrada Unión de Actores de Madrid.
9 (RLIN) 151361
710 2# - ENTRADA AGREGADA--NOMBRE DE ENTIDAD CORPORATIVA
Nombre de entidad corporativa o nombre de jurisdicción como elemento de entrada Fundación Actores y Artistas de España.
9 (RLIN) 151360
852 ## - LOCALIZACIÓN
Ubicación ES-MaACL
Número de control de estantería 2124-F-6-7
Holdings
Estatus retirado Estado de pérdida Estado de daño No para préstamo Colección Biblioteca de origen Biblioteca actual Ubicación en estantería Fecha de adquisición Fuente de adquisición Total de préstamos Signatura topográfica completa Código de barras Visto por última vez Precio de reemplazo Tipo de ítem Koha
        Colección de folletos Biblioteca del Ateneo de Madrid Biblioteca del Ateneo de Madrid Depósito folletos 28/08/2012     2124-F-6-7 1190110 23/02/2023 23/02/2023 Folleto